Айвенго: Роман

書誌詳細
第一著者: Скотт В. Вальтер
その他の著者: Бекетова Е. Г. (переводчик), Ингер А. (автор предисловия), Лурье А. (иллюстратор)
要約:В центре романа выдающегося английского писателя Вальтера Скотта (1771-1832) "Айвенго" (1820) - конфликт между мятежной феодальной знатью в Англии XII века и властью короля Ричарда Львиное Сердце, воплощавшей идею единого государства
言語:ロシア語
出版事項: Москва, Художественная литература, 1985
シリーズ:Библиотека классики
主題:
フォーマット: 図書
KOHA link:https://koha.lib.tpu.ru/cgi-bin/koha/opac-detail.pl?biblionumber=131957

MARC

LEADER 00000nam0a2200000 4500
001 131957
005 20240812162919.0
035 |a (RuTPU)RU\TPU\book\142892 
090 |a 131957 
100 |a 20080226d1985 m y0rusy5003 ca 
101 1 |a rus  |c eng 
102 |a RU 
105 |a a z 000zy 
200 1 |a Айвенго  |e Роман  |f В. Скотт  |g пер. с англ. Е. Г. Бекетова ; авт. предисл. А. Ингер ; худож. А. Лурье 
210 |a Москва  |c Художественная литература  |d 1985 
215 |a 432 с.  |c 8 л. ил.  |d 20 см 
225 1 |a Библиотека классики 
330 |a В центре романа выдающегося английского писателя Вальтера Скотта (1771-1832) "Айвенго" (1820) - конфликт между мятежной феодальной знатью в Англии XII века и властью короля Ричарда Львиное Сердце, воплощавшей идею единого государства 
606 |a Английская литература  |9 52454 
610 1 |a Англия 
610 1 |a крестовые походы 
610 1 |a художественная литература 
610 1 |a приключенческие романы 
610 1 |a 12 век 
610 1 |a 13 век 
675 |a 82  |v 4 
700 1 |a Скотт  |b В.  |c английский писатель  |f 1771-1832  |g Вальтер  |3 (RuTPU)RU\TPU\pers\9275  |9 1830 
702 1 |a Бекетова  |b Е. Г.  |4 730 
702 1 |a Ингер  |b А.  |4 080 
702 1 |a Лурье  |b А.  |4 440 
801 0 |a RU  |b RuMRKP  |c 19950704  |g psbo 
801 1 |a RU  |b 63413507  |c 20080226  |g PSBO 
801 2 |a RU  |b 63413507  |c 20170516  |g PSBO 
942 |c BK